Statistics for Adam Lambert - songs by albums

Click here to take the quiz!

General Stats

  • This quiz has been taken 49 times
  • The average score is 17 of 37

Answer Stats

HintAnswer% Correct
For Your Entertainment
97%
Trespassing (2012)Trespassing
89%
If I Had You
77%
The Original High (2015)Ghost Town
74%
The Original High
74%
Fever
71%
Strut
69%
Whataya Want from Me
63%
Never Close Our Eyes
60%
For Your Entertainment (2009)Music Again
57%
Sleepwalker
57%
Aftermath
54%
Cuckoo
49%
Lucy
49%
Another Lonely Night
46%
Soaked
46%
There I Said It
46%
Broken Open
40%
Outlaws of Love
40%
Pop That Lock
40%
Underneath
40%
Better Than I Know Myself
37%
Shady
37%
Broken English
34%
Kickin' In
34%
Pick U Up
34%
Rumors
34%
The Light
34%
A Loaded Smile
31%
Chokehold
31%
Evil in the Night
31%
Naked Love
31%
Time for Miracles
31%
Underground
29%
Sure Fire Winners
26%
Things I Didn't Say
26%
Heavy Fire
23%

Score Distribution

Percentile by Number Answered

Percent of People with Each Score

Your Score History

You have not taken this quiz